Statistics for Speedy Pi digits 401-500

Click here to take the quiz!

General Stats

  • This quiz has been taken 646 times
  • The average score is 43 of 100

Answer Stats

Digit% Correct
0
100%
3
100%
3
100%
5
100%
7
100%
0
91%
2
91%
3
91%
5
91%
6
91%
7
91%
7
91%
1
82%
3
82%
5
82%
5
82%
5
82%
9
82%
9
82%
9
82%
0
73%
1
73%
2
73%
9
73%
1
64%
6
64%
8
64%
1
55%
1
55%
1
55%
1
55%
2
55%
3
55%
3
55%
6
55%
7
55%
7
55%
8
55%
9
55%
9
55%
0
36%
1
36%
3
36%
0
27%
1
27%
1
27%
1
27%
2
27%
2
27%
2
27%
2
27%
3
27%
3
27%
4
27%
4
27%
4
27%
4
27%
5
27%
5
27%
5
27%
5
27%
5
27%
5
27%
6
27%
6
27%
6
27%
7
27%
7
27%
7
27%
7
27%
7
27%
7
27%
8
27%
8
27%
8
27%
8
27%
9
27%
9
27%
9
27%
1
18%
2
18%
2
18%
4
18%
8
18%
9
18%
0
9%
1
9%
1
9%
1
9%
1
9%
2
9%
3
9%
3
9%
4
9%
7
9%
8
9%
8
9%
9
9%
9
9%
9
9%

Score Distribution

Percentile by Number Answered

Percent of People with Each Score

Your Score History

You have not taken this quiz